Statistics for Western philosophers by philosophy and picture

Click here to take the quiz!

General Stats

  • This quiz has been taken 1,594 times
  • The average score is 14 of 28

Answer Stats

Answer% Correct
Plato
97%
Socrates
93%
Aristotle
90%
René Descartes
78%
Friedrich Nietzsche
73%
John Locke
63%
Immanuel Kant
61%
Jean-Paul Sartre
60%
Albert Camus
58%
G.W.F. (Georg Wilhelm Friedrich) Hegel
55%
Marcus Aurelius
55%
Søren Kierkegaard
53%
Thomas Aquinas
53%
David Hume
52%
Arthur Schopenhauer
50%
Augustine of Hippo
50%
Simone de Beauvoir
50%
Baruch Spinoza
44%
Ludwig Wittgenstein
41%
Cicero
40%
Francis Bacon
39%
Martin Heidegger
35%
Wilhelm Gottfried Leibniz
34%
Bertrand Russell
33%
Edmund Husserl
25%
George Berkeley
23%
Auguste Comte
18%
Charles Sanders Peirce
10%

Score Distribution

Percentile by Number Answered

Percent of People with Each Score

Your Score History

You have not taken this quiz